Primi 15 paesi interessati da Covid-19 - 18 agosto 2021 - Statistics

Statistiche generali
  • Questo quiz è stato fatto 4 volte
  • Il punteggio medio è 12 su 26
Statistiche sulle risposte
paese % Corretto
Francia
100%
Germania
100%
India
100%
Italia
100%
Regno Unito
100%
Russia
100%
Stati Uniti
100%
Argentina
67%
Brasile
67%
Paesi Bassi
67%
Spagna
67%
Turchia
67%
Colombia
33%
Iran
33%
Israele
33%
Messico
33%
Svezia
33%
Bahrain
0%
Cechia
0%
Estonia
0%
Georgia
0%
Indonesia
0%
Lituania
0%
Panama
0%
Slovenia
0%
Uruguay
0%
Nessun quiz corrispondente trovato
Distribuzione punteggi
Percentuale di utenti per punteggio
Percentile per numero di risposta
I tuoi punteggi nel tempo
Non hai fatto questo quiz